[Event "CYCC U12"]
[Site "Quebec CAN"]
[Date "2018.07.03"]
[Round "4.92"]
[White "Moffatt, Trenton"]
[Black "Yim, Warren"]
[Result "1-0"]
[WhiteElo "786"]
[BlackElo "672"]
[PlyCount "63"]
[EventDate "2018.07.02"]
[EventType "swiss"]
[EventRounds "7"]
[EventCountry "CAN"]

1. d4 d5 2. c4 dxc4 3. e3 Nf6 4. Bxc4 Bg4 5. Qb3 e6 6. f4 Bd6 7. Qc2 Bf5 8. e4
Bxe4 9. Qf2 Ng4 10. Qe2 Nf6 11. Nh3 Nc6 12. Ng5 Bf5 13. d5 Nd4 14. Qe3 Nc2+ 15.
Kf2 Nxe3 16. Re1 Nc2 17. Re2 Nxa1 18. g4 Nxg4+ 19. Kf3 Bxb1 20. dxe6 fxe6 21.
Nxe6 Qh4 22. Nxg7+ Kf8 23. Ne6+ Kg8 24. Nxc7+ Kg7 25. Ne6+ Kf7 26. Ng5+ Kg7 27.
Ne6+ Kh6 28. f5+ Bf4 29. Bxf4+ Qg5 30. Bxg5+ Kh5 31. Kf4 Rac8 32. Ng7# 1-0

[Event "CYCC U12"]
[Site "Quebec CAN"]
[Date "2018.07.04"]
[Round "5.60"]
[White "Zheng, Richard"]
[Black "Chen, Max"]
[Result "0-1"]
[WhiteElo "2011"]
[BlackElo "2028"]
[PlyCount "138"]
[EventDate "2018.07.02"]
[EventType "swiss"]
[EventRounds "7"]
[EventCountry "CAN"]

1. e4 c5 2. Nf3 e6 3. d4 cxd4 4. Nxd4 Nc6 5. Nc3 Qc7 6. Be3 a6 7. a3 Nf6 8. Be2
Be7 9. O-O b5 10. Nxc6 dxc6 11. f4 O-O 12. Bf3 Rd8 13. Qe2 Bb7 14. e5 Nd7 15.
Qf2 Rac8 16. Rad1 c5 17. Bxb7 Qxb7 18. f5 Nxe5 19. Qg3 Rxd1 20. Nxd1 Nd7 21.
Bh6 Bf6 22. Ne3 Kh8 23. Bg5 Bxb2 24. fxe6 fxe6 25. Qd6 Bf6 26. Bxf6 Nxf6 27.
Qxe6 Qc6 28. Qf7 Qe8 29. Qb3 Qe5 30. Nf5 Rf8 31. Ng3 g6 32. Qf3 Qe6 33. Ne4 Kg7
34. Ng5 Qd6 35. Kh1 h6 36. Nh3 Nd5 37. Qe2 Nc3 38. Qe1 Rxf1+ 39. Qxf1 Qd1 40.
Kg1 Qd4+ 41. Kh1 Qd1 42. Kg1 Qxf1+ 43. Kxf1 Nb1 44. Nf4 Kf6 45. Ke2 Nxa3 46.
Kd2 Nc4+ 47. Kc3 Nb6 48. g3 g5 49. Nd3 Nd5+ 50. Kd2 c4 51. Nc5 a5 52. Nb7 a4
53. Nd6 c3+ 54. Kc1 b4 55. Kb1 g4 56. Ne4+ Ke5 57. Nf2 h5 58. h3 gxh3 59. Nxh3
Ke4 60. Ng5+ Kf5 61. Nh7 Kg4 62. Ka2 Kxg3 63. Ng5 h4 64. Ne4+ Kg2 65. Nc5 h3
66. Nd3 h2 67. Ne1+ Kg3 68. Kb1 h1=Q 69. Ka2 b3+ 0-1

[Event "CYCC U12"]
[Site "Quebec CAN"]
[Date "2018.07.04"]
[Round "5.61"]
[White "Issani, Nameer"]
[Black "Huang, Youhe"]
[Result "1/2-1/2"]
[WhiteElo "2207"]
[BlackElo "1949"]
[PlyCount "73"]
[EventDate "2018.07.02"]
[EventType "swiss"]
[EventRounds "7"]
[EventCountry "CAN"]

1. d4 Nf6 2. c4 g6 3. Nc3 Bg7 4. e4 d6 5. Nf3 O-O 6. Be2 e5 7. dxe5 dxe5 8.
Qxd8 Rxd8 9. Bg5 Be6 10. Nxe5 h6 11. Bh4 g5 12. Bg3 Na6 13. h4 Nc5 14. hxg5
Nfxe4 15. Nxe4 Nxe4 16. Bh2 hxg5 17. O-O Rd2 18. Bf3 f5 19. Rfe1 Rf8 20. Ng6
Rf6 21. Bh5 Rxg6 22. Bxg6 Bd4 23. Red1 Bxf2+ 24. Kh1 Rxb2 25. Rd8+ Kg7 26. Be5+
Kxg6 27. Bxb2 Bxc4 28. Bd4 Bh4 29. Rc1 b5 30. a4 Ng3+ 31. Kh2 Ne2 32. Rc2 Bg3+
33. Kh1 Bd6 34. Bxa7 Ng3+ 35. Kh2 Ne4+ 36. Kg1 Bb3 37. Rc6 1/2-1/2

[Event "CYCC U12"]
[Site "Quebec CAN"]
[Date "2018.07.04"]
[Round "5.62"]
[White "Srinivasan, Hemant"]
[Black "Zhao, Jeffrey R"]
[Result "0-1"]
[WhiteElo "1468"]
[BlackElo "1833"]
[PlyCount "74"]
[EventDate "2018.07.02"]
[EventType "swiss"]
[EventRounds "7"]
[EventCountry "CAN"]

1. d4 Nf6 2. c4 g6 3. Nc3 Bg7 4. e4 d6 5. Nf3 O-O 6. Be2 e5 7. O-O Nc6 8. d5
Ne7 9. Ne1 Nd7 10. Be3 f5 11. f3 f4 12. Bf2 g5 13. b4 Ng6 14. c5 Nf6 15. Nd3
Rf7 16. a4 Bf8 17. b5 h5 18. a5 g4 19. b6 axb6 20. cxb6 g3 21. hxg3 fxg3 22.
Bxg3 cxb6 23. axb6 Rxa1 24. Qxa1 Qxb6+ 25. Bf2 Qd8 26. Rb1 h4 27. Bf1 Rg7 28.
Bb6 Qd7 29. Nf2 Nf4 30. Ncd1 h3 31. g4 Nxg4 32. fxg4 Rxg4+ 33. Nxg4 Qxg4+ 34.
Kh2 Ne2 35. Be3 Qg3+ 36. Kh1 Qf3+ 37. Kh2 Qxf1 0-1

[Event "CYCC U12"]
[Site "Quebec CAN"]
[Date "2018.07.04"]
[Round "5.63"]
[White "Zhu, Matthew"]
[Black "Rusonik, Max"]
[Result "1/2-1/2"]
[WhiteElo "1668"]
[BlackElo "1999"]
[PlyCount "53"]
[EventDate "2018.07.02"]
[EventType "swiss"]
[EventRounds "7"]
[EventCountry "CAN"]

1. e4 e5 2. Nf3 Nc6 3. d4 exd4 4. Nxd4 Nf6 5. Nxc6 bxc6 6. e5 Qe7 7. Qe2 Nd5 8.
c4 Ba6 9. b3 g6 10. Bb2 Bg7 11. Nd2 O-O 12. Qe4 Nb6 13. Bd3 d5 14. Qe2 dxc4 15.
bxc4 Na4 16. Bd4 c5 17. Bc2 cxd4 18. Bxa4 d3 19. Qe3 Qxe5 20. Qxe5 Bxe5 21. Rd1
Bc3 22. Rc1 Rfe8+ 23. Bxe8 Rxe8+ 24. Kd1 Ba5 25. Re1 Rd8 26. a3 Kf8 27. Re5
1/2-1/2

[Event "CYCC U12"]
[Site "Quebec CAN"]
[Date "2018.07.04"]
[Round "5.64"]
[White "Guipi Bopala, Prince Eric jr"]
[Black "Srinivas, Atharva"]
[Result "1/2-1/2"]
[WhiteElo "1829"]
[BlackElo "1567"]
[PlyCount "64"]
[EventDate "2018.07.02"]
[EventType "swiss"]
[EventRounds "7"]
[EventCountry "CAN"]

1. d4 d5 2. Bf4 Nf6 3. e3 c6 4. c4 e6 5. Nc3 Nbd7 6. h3 Be7 7. Nf3 h6 8. Bd3 b6
9. O-O O-O 10. Rc1 Bb7 11. Ne5 Nxe5 12. dxe5 Nd7 13. Qg4 Bg5 14. Bh2 d4 15.
Qxd4 c5 16. Qg4 Nxe5 17. Bxe5 Qxd3 18. h4 f5 19. Qg3 Bf6 20. Bxf6 Rxf6 21. Rfd1
Qxc4 22. Nd5 Qxd5 23. Rxd5 Bxd5 24. b3 Raf8 25. Qe5 Rg6 26. g3 Rgf6 27. Rd1 Kh8
28. f4 Kg8 29. Qc3 R6f7 30. Qe5 Rf6 31. Rd3 R6f7 32. a4 Rf6 1/2-1/2

[Event "CYCC U12"]
[Site "Quebec CAN"]
[Date "2018.07.04"]
[Round "5.65"]
[White "Gao, Raymond"]
[Black "Zhang, Chu Hang"]
[Result "1/2-1/2"]
[WhiteElo "1762"]
[BlackElo "1557"]
[PlyCount "31"]
[EventDate "2018.07.02"]
[EventType "swiss"]
[EventRounds "7"]
[EventCountry "CAN"]

1. e4 g6 2. d4 Bg7 3. Nf3 d6 4. Nc3 Nf6 5. Bc4 O-O 6. O-O Nbd7 7. Bf4 c5 8. d5
a6 9. a4 Rb8 10. h3 b5 11. axb5 axb5 12. Nxb5 Nxe4 13. Qd3 f5 14. Na7 Rxb2 15.
Nc6 Qe8 16. Ra8 1/2-1/2

[Event "CYCC U12"]
[Site "Quebec CAN"]
[Date "2018.07.04"]
[Round "5.66"]
[White "Li, Kevin"]
[Black "Jiang, David"]
[Result "1-0"]
[WhiteElo "1741"]
[BlackElo "1029"]
[PlyCount "119"]
[EventDate "2018.07.02"]
[EventType "swiss"]
[EventRounds "7"]
[EventCountry "CAN"]

1. e4 c5 2. Nf3 e6 3. d4 cxd4 4. Nxd4 Nc6 5. Nc3 Qc7 6. Be3 a6 7. Qd2 Nf6 8. f3
Be7 9. g4 Ne5 10. O-O-O b5 11. g5 Ng8 12. f4 Nc4 13. Bxc4 Qxc4 14. f5 Bb7 15.
Nxe6 dxe6 16. Qd7+ Kf8 17. Qxb7 Qc8 18. Qxc8+ Rxc8 19. Rhf1 exf5 20. exf5 f6
21. Nd5 fxg5 22. Nxe7 Kxe7 23. Bxg5+ Nf6 24. Rfe1+ Kf7 25. Re6 Rhe8 26. Rxa6
Ne4 27. Rd7+ Kf8 28. Bd2 Nxd2 29. Kxd2 Rcd8 30. Rxd8 Rxd8+ 31. Ke3 Rd5 32. Ke4
Rd2 33. Rb6 Rxc2 34. Rxb5 Rxh2 35. Rb7 Rh1 36. b4 h5 37. b5 h4 38. b6 h3 39.
Rb8+ Kf7 40. Kf3 Rg1 41. b7 h2 42. Rf8+ Ke7 43. f6+ gxf6 44. Rh8 Rb1 45. Rxh2
Rxb7 46. Rh7+ Kd6 47. Rxb7 Kc6 48. Rf7 Kb5 49. Rxf6 Ka4 50. Ra6+ Kb5 51. Ra8
Kb4 52. a4 Kc5 53. Rb8 Kc6 54. a5 Kc7 55. Rb1 Kc8 56. a6 Kc7 57. a7 Kd7 58.
a8=Q Ke7 59. Qa6 Kd8 60. Qa7 1-0

[Event "CYCC U12"]
[Site "Quebec CAN"]
[Date "2018.07.04"]
[Round "5.67"]
[White "Imoo, Joshua"]
[Black "Kang, Dorian"]
[Result "0-1"]
[WhiteElo "1562"]
[BlackElo "2098"]
[PlyCount "84"]
[EventDate "2018.07.02"]
[EventType "swiss"]
[EventRounds "7"]
[EventCountry "CAN"]

1. e4 c5 2. Nc3 Nc6 3. f4 g6 4. Nf3 Bg7 5. Bb5 Nd4 6. O-O Nxb5 7. Nxb5 d5 8.
exd5 a6 9. Nc3 Nf6 10. Ne5 Nxd5 11. Qf3 e6 12. Nxd5 Qxd5 13. Qxd5 exd5 14. c3
c4 15. d4 cxd3 16. Nxd3 O-O 17. Nb4 d4 18. Bd2 Rd8 19. c4 Be6 20. b3 d3 21.
Rae1 a5 22. Nd5 Bxd5 23. cxd5 Rxd5 24. Re7 b6 25. Rfe1 Bd4+ 26. Kf1 Rc8 27. Be3
Rc2 28. Bxd4 Rxd4 29. R7e4 Rxe4 30. Rxe4 Rxa2 31. Rd4 d2 32. Ke2 Kf8 33. Rxd2
Rxd2+ 34. Kxd2 Ke7 35. Kd3 b5 36. Kd4 Kd6 37. g3 f5 38. Kd3 Kd5 39. h3 h6 40.
g4 a4 41. gxf5 gxf5 42. Ke3 a3 0-1

[Event "CYCC U12"]
[Site "Quebec CAN"]
[Date "2018.07.04"]
[Round "5.68"]
[White "Noor Ali, Aahil"]
[Black "Bui, Alan"]
[Result "1-0"]
[WhiteElo "2062"]
[BlackElo "1676"]
[PlyCount "73"]
[EventDate "2018.07.02"]
[EventType "swiss"]
[EventRounds "7"]
[EventCountry "CAN"]

1. d4 Nf6 2. c4 e6 3. Nc3 Bb4 4. e3 O-O 5. Nge2 Re8 6. a3 Bf8 7. g3 d5 8. c5 c6
9. b4 b6 10. Bg2 a5 11. Bb2 Ba6 12. O-O Bc4 13. Qc2 Na6 14. Na4 Nd7 15. Bc3 b5
16. Nb2 Bxe2 17. Qxe2 a4 18. f4 g6 19. Rae1 f5 20. Nd3 Nc7 21. Kh1 Bg7 22. Rg1
Rf8 23. Ref1 Bh6 24. Bh3 Kf7 25. g4 Bg7 26. Qg2 Qf6 27. Ne5+ Nxe5 28. dxe5 Qe7
29. gxf5 exf5 30. Bxf5 Kg8 31. Bd3 Kh8 32. Qh3 Qe6 33. f5 gxf5 34. Bxf5 Qh6 35.
Qxh6 Bxh6 36. e6+ Bg7 37. Bxg7+ 1-0

[Event "CYCC U12"]
[Site "Quebec CAN"]
[Date "2018.07.04"]
[Round "5.69"]
[White "Ivanescu, Mark"]
[Black "Xie, Austin"]
[Result "1/2-1/2"]
[WhiteElo "1962"]
[BlackElo "1494"]
[PlyCount "89"]
[EventDate "2018.07.02"]
[EventType "swiss"]
[EventRounds "7"]
[EventCountry "CAN"]

1. d4 d5 2. Bf4 c5 3. e3 Bf5 4. c3 Nc6 5. Nf3 e6 6. Be2 Nf6 7. O-O Be7 8. h3
Ne4 9. Nbd2 Nxd2 10. Nxd2 cxd4 11. exd4 Bd6 12. Bxd6 Qxd6 13. Bg4 Bxg4 14. Qxg4
O-O 15. f4 f5 16. Qe2 Rae8 17. Nb3 b6 18. a4 Qc7 19. Rf3 Rf6 20. Qf2 Ne7 21.
Nc1 Nc8 22. Qc2 Nd6 23. Nb3 Ne4 24. a5 g5 25. axb6 axb6 26. Qc1 g4 27. Rd3 gxh3
28. Rxh3 Rg6 29. Qf1 Ng3 30. Qf3 Qxf4 31. Kf2 Ne4+ 32. Ke2 Qxf3+ 33. gxf3 Rg2+
34. Ke3 Rxb2 35. fxe4 Rxb3 36. Kd3 fxe4+ 37. Kc2 Rb5 38. Ra7 Rf8 39. Rhxh7 Rf2+
40. Kc1 Ra5 41. Rag7+ Kf8 42. Kb1 e3 43. Rb7 Kg8 44. Rbg7+ Kf8 45. Rb7 1/2-1/2

[Event "CYCC U12"]
[Site "Quebec CAN"]
[Date "2018.07.04"]
[Round "5.70"]
[White "Gu, Chuyang"]
[Black "Mugunthan, Vaamanan"]
[Result "1-0"]
[WhiteElo "1911"]
[BlackElo "1418"]
[PlyCount "55"]
[EventDate "2018.07.02"]
[EventType "swiss"]
[EventRounds "7"]
[EventCountry "CAN"]

1. e4 e5 2. Nf3 Nc6 3. Bb5 a6 4. Ba4 Nf6 5. O-O Be7 6. Re1 b5 7. Bb3 O-O 8. c3
d6 9. h3 h6 10. d4 Bb7 11. Nbd2 Qd7 12. Nf1 Rfe8 13. Ng3 Kh7 14. Bxf7 Rf8 15.
Bb3 exd4 16. cxd4 a5 17. Bc2 Kg8 18. a4 b4 19. Nf5 Bd8 20. Bd3 Ne7 21. Nxe7+
Bxe7 22. e5 dxe5 23. Nxe5 Qd5 24. Bc4 Qxc4 25. Nxc4 Bd8 26. Ne5 Re8 27. Bf4 Nh5
28. Qxh5 1-0

[Event "CYCC U12"]
[Site "Quebec CAN"]
[Date "2018.07.04"]
[Round "5.71"]
[White "Jeyakumar, Bhavatharshan"]
[Black "Windram, James"]
[Result "0-1"]
[WhiteElo "1509"]
[BlackElo "1803"]
[PlyCount "96"]
[EventDate "2018.07.02"]
[EventType "swiss"]
[EventRounds "7"]
[EventCountry "CAN"]

1. e4 c5 2. c3 Nf6 3. e5 Nd5 4. Nf3 Nc6 5. d4 cxd4 6. cxd4 e6 7. Bd3 d6 8. O-O
Be7 9. Nbd2 O-O 10. Nc4 a6 11. Be4 b5 12. Bxd5 exd5 13. Ncd2 Bg4 14. h3 Bh5 15.
Qb3 dxe5 16. dxe5 Na5 17. Qd3 Bg6 18. Qe2 Rc8 19. Re1 Bc5 20. Nf1 Qb6 21. Ne3
Rcd8 22. Bd2 Nc4 23. Nxc4 dxc4 24. e6 Rfe8 25. exf7+ Bxf7 26. Ne5 Bxf2+ 27.
Qxf2 Qxf2+ 28. Kxf2 Rxd2+ 29. Kg1 Rxb2 30. a3 Rd8 31. Rad1 Rdd2 32. Rxd2 Rxd2
33. Nc6 Bd5 34. Ne7+ Kf7 35. Nxd5 Rxd5 36. a4 c3 37. Rc1 b4 38. Kf2 Re5 39. Kf3
Ke6 40. g4 g5 41. Kf2 Kd6 42. Kf3 Kc5 43. Kf2 Kc4 44. a5 b3 45. Kf3 b2 46. Rb1
Kb3 47. Rxb2+ cxb2 48. Kg3 b1=Q 0-1

[Event "CYCC U12"]
[Site "Quebec CAN"]
[Date "2018.07.04"]
[Round "5.72"]
[White "Adam, Rafael"]
[Black "Joseph Benher, Savio"]
[Result "1/2-1/2"]
[WhiteElo "1270"]
[BlackElo "1746"]
[PlyCount "101"]
[EventDate "2018.07.02"]
[EventType "swiss"]
[EventRounds "7"]
[EventCountry "CAN"]

1. d4 Nf6 2. c4 e6 3. Nc3 Bb4 4. e3 O-O 5. Bd2 d5 6. Nf3 dxc4 7. Bxc4 b6 8. a3
Bxc3 9. Bxc3 Bb7 10. Bd3 Nbd7 11. Qe2 Ne4 12. Rc1 Ndf6 13. Qc2 Nxc3 14. Qxc3
Bxf3 15. gxf3 Qd5 16. Qxc7 Qxf3 17. Rg1 g6 18. Qg3 Qd5 19. Qg5 Qxg5 20. Rxg5
Rac8 21. Rxc8 Rxc8 22. Kd2 Kg7 23. Rg1 Kh6 24. h3 Kh5 25. Ke2 Nd7 26. a4 Kh6
27. b3 Nf6 28. Bc4 Ne4 29. Rg4 Nd6 30. Kd3 Kg7 31. Rg1 Nxc4 32. bxc4 f5 33. a5
Kf6 34. f4 h6 35. h4 Rb8 36. Rb1 Ke7 37. axb6 axb6 38. Rb5 Kd6 39. Rxb6+ Rxb6
40. c5+ Kc6 41. cxb6 Kxb6 42. e4 Kc6 43. exf5 gxf5 44. Kc4 h5 45. Kc3 Kd7 46.
Kd3 Ke7 47. Kc4 Kd6 48. Kc3 Kd5 49. Kd3 Kd6 50. Kc3 Kc6 51. Kc4 1/2-1/2

[Event "CYCC U12"]
[Site "Quebec CAN"]
[Date "2018.07.04"]
[Round "5.73"]
[White "Gao, William"]
[Black "Ran, Charles"]
[Result "1/2-1/2"]
[WhiteElo "1465"]
[BlackElo "1741"]
[PlyCount "53"]
[EventDate "2018.07.02"]
[EventType "swiss"]
[EventRounds "7"]
[EventCountry "CAN"]

1. e4 e5 2. Nf3 Nc6 3. Bc4 Nf6 4. d4 exd4 5. O-O Nxe4 6. Re1 d5 7. Bxd5 Qxd5 8.
Nc3 Qa5 9. Nxe4 Be6 10. Neg5 O-O-O 11. Nxe6 fxe6 12. Bg5 Re8 13. h4 h6 14. Bf4
e5 15. Bg3 Bb4 16. Re4 Re6 17. Nh2 Rd8 18. Qg4 Qd5 19. Rd1 Kb8 20. h5 a6 21.
Nf3 Bc5 22. Ne1 Bb6 23. Bh2 Ba7 24. Bg3 Bb6 25. Bh2 Ba7 26. Bg3 Bb6 27. Bh2
1/2-1/2

[Event "CYCC U12"]
[Site "Quebec CAN"]
[Date "2018.07.04"]
[Round "5.74"]
[White "Liu, Harry"]
[Black "Gaisinsky, Jacob"]
[Result "1-0"]
[WhiteElo "1651"]
[BlackElo "1058"]
[PlyCount "43"]
[EventDate "2018.07.02"]
[EventType "swiss"]
[EventRounds "7"]
[EventCountry "CAN"]

1. e4 e5 2. Nf3 Nc6 3. Bc4 Bc5 4. O-O d6 5. d3 Bg4 6. c3 Nf6 7. Bb3 d5 8. exd5
Nxd5 9. Nbd2 Nf4 10. d4 Bd6 11. Ne4 Ng6 12. Bxf7+ Kd7 13. h3 Rf8 14. dxe5 Ncxe5
15. Nxe5+ Nxe5 16. Qa4+ Kc8 17. Nxd6+ Qxd6 18. hxg4 Rxf7 19. Qe8+ Qd8 20. Qxe5
Re7 21. Qf5+ Kb8 22. Bg5 1-0

[Event "CYCC U12"]
[Site "Quebec CAN"]
[Date "2018.07.04"]
[Round "5.75"]
[White "Zhang, Henry X"]
[Black "Wang, Robert"]
[Result "1-0"]
[WhiteElo "1551"]
[BlackElo "955"]
[PlyCount "129"]
[EventDate "2018.07.02"]
[EventType "swiss"]
[EventRounds "7"]
[EventCountry "CAN"]

1. e4 e5 2. Nf3 Nc6 3. Bb5 a6 4. Ba4 Nf6 5. O-O b5 6. Bb3 d6 7. Re1 g6 8. c3
Bg7 9. d4 Bg4 10. d5 Na5 11. Bc2 O-O 12. Nbd2 Qd7 13. Nf1 c5 14. b3 Rab8 15.
Ng3 Nh5 16. h3 Nxg3 17. hxg4 Qxg4 18. fxg3 Qxg3 19. Qd2 c4 20. b4 Nb7 21. Qg5
Qxg5 22. Bxg5 a5 23. bxa5 Nxa5 24. Be7 Rfe8 25. Bxd6 Rbc8 26. Bb4 Nb7 27. a4
bxa4 28. Bxa4 Red8 29. Be7 Nc5 30. Bxd8 Rxd8 31. Bb5 Nd3 32. Re2 Nf4 33. Rea2
Nxd5 34. exd5 Rxd5 35. Ra8+ Bf8 36. Bxc4 Rc5 37. R1a4 e4 38. Nd4 Kg7 39. R8a7
Kh6 40. Rxf7 Bd6 41. Ne6 Rh5 42. Raa7 Bh2+ 43. Kf1 Rf5+ 44. Rxf5 gxf5 45. Nf8
Be5 46. Rxh7+ Kg5 47. Kf2 Bxc3 48. Ke3 Kf6 49. Rf7+ Ke5 50. Ng6+ Kd6 51. Rxf5
Bg7 52. Kxe4 Bb2 53. g4 Bg7 54. g5 Bb2 55. Ne5 Kc5 56. Nd3+ Kxc4 57. Nxb2+ Kc3
58. g6 Kc2 59. Rf3 Kd2 60. g7 Ke2 61. g8=R Ke1 62. Rg1+ Ke2 63. Rg2+ Ke1 64.
Nc4 Kd1 65. Rf1# 1-0

[Event "CYCC U12"]
[Site "Quebec CAN"]
[Date "2018.07.04"]
[Round "5.76"]
[White "Parent, Etienne"]
[Black "Liu, Henry"]
[Result "0-1"]
[WhiteElo "1024"]
[BlackElo "1545"]
[PlyCount "88"]
[EventDate "2018.07.02"]
[EventType "swiss"]
[EventRounds "7"]
[EventCountry "CAN"]

1. e4 e6 2. d4 d5 3. exd5 exd5 4. Nf3 Bf5 5. Nc3 Nf6 6. Bd3 Bxd3 7. Qxd3 Be7 8.
O-O O-O 9. Bf4 a6 10. Rae1 Nc6 11. Be5 Ng4 12. h3 Ngxe5 13. dxe5 Bb4 14. Rd1 d4
15. Ne4 Qe7 16. Nxd4 Nxe5 17. Nf5 Nxd3 18. Nxe7+ Bxe7 19. Rxd3 Rad8 20. Rfd1
Rxd3 21. Rxd3 f5 22. Rd7 Re8 23. Ng3 Bd6 24. Nf1 Re1 25. Rd8+ Kf7 26. Rb8 b6
27. g4 f4 28. f3 Bc5+ 29. Kg2 Re2+ 30. Kh1 Rf2 31. Kg1 Rxc2+ 32. Kh1 Rf2 33.
Kg1 Rxb2+ 34. Kh1 Rf2 35. Kg1 Rxa2+ 36. Kh1 Rf2 37. Kg1 Rxf3+ 38. Kg2 Rf2+ 39.
Kg1 f3 40. Rc8 Rg2+ 41. Kh1 Rg1+ 42. Kh2 Rxf1 43. Rxc7+ Ke6 44. Rc6+ Kd7 0-1

[Event "CYCC U12"]
[Site "Quebec CAN"]
[Date "2018.07.04"]
[Round "5.77"]
[White "Wang, Yinan"]
[Black "Lin, Felix"]
[Result "0-1"]
[WhiteElo "977"]
[BlackElo "1470"]
[PlyCount "146"]
[EventDate "2018.07.02"]
[EventType "swiss"]
[EventRounds "7"]
[EventCountry "CAN"]

1. e4 c5 2. Nf3 d6 3. d4 cxd4 4. Nxd4 Nf6 5. Nc3 a6 6. Bc4 e6 7. Bg5 Be7 8. f3
O-O 9. Be3 b5 10. Bb3 Qd7 11. O-O Bb7 12. a4 b4 13. Nce2 Nc6 14. a5 d5 15. exd5
Nxd5 16. Bxd5 Qxd5 17. Nxc6 Qxc6 18. Bb6 Rac8 19. Nd4 Bc5 20. Rf2 Qd5 21. Bxc5
Qxc5 22. Nb3 Qc7 23. Ra4 Qc4 24. Qd4 Rfd8 25. Qxc4 Rxc4 26. h3 Rdc8 27. Kf1 Bc6
28. Ra1 Bb5 29. Ke1 Rxc2 30. Rxc2 Rxc2 31. Nd4 Rc5 32. Rd1 g6 33. Nxb5 Rxb5 34.
Rd8+ Kg7 35. Ra8 Rxa5 36. Rb8 Ra1+ 37. Kf2 a5 38. Ke2 Ra2 39. Ra8 Rxb2+ 40. Kd3
Ra2 41. Kc4 Rxg2 42. Rxa5 Rg3 43. Kxb4 Rxf3 44. Ra3 Rxa3 45. Kxa3 Kf6 46. Kb3
Kf5 47. Kc3 e5 48. Kd2 Kf4 49. Ke2 Kg3 50. Ke3 f5 51. h4 Kxh4 52. Kf2 g5 53.
Kg2 h5 54. Kf2 g4 55. Kg2 f4 56. Kf2 e4 57. Kg2 e3 58. Kf1 f3 59. Ke1 e2 60.
Kf2 Kh3 61. Ke1 Kg2 62. Kd2 Kf2 63. Kd3 e1=Q 64. Kd4 h4 65. Kd3 h3 66. Kd4 h2
67. Kd3 h1=R 68. Kd4 Rh5 69. Kd3 Rd5+ 70. Kc4 Rd2 71. Kb3 Qc1 72. Ka4 Rb2 73.
Ka3 Qa1# 0-1

[Event "CYCC U12"]
[Site "Quebec CAN"]
[Date "2018.07.04"]
[Round "5.78"]
[White "Moisan, Pier-Philippe"]
[Black "Jasniewicz, Karol"]
[Result "1-0"]
[WhiteElo "1332"]
[BlackElo "915"]
[PlyCount "55"]
[EventDate "2018.07.02"]
[EventType "swiss"]
[EventRounds "7"]
[EventCountry "CAN"]

1. e4 c5 2. Nc3 Nc6 3. Nf3 e5 4. Bc4 Nf6 5. d3 d6 6. h3 Be6 7. Bb5 a6 8. Ba4
Be7 9. O-O O-O 10. Bxc6 bxc6 11. Ng5 Qd7 12. Nxe6 Qxe6 13. f4 exf4 14. Bxf4 d5
15. Re1 Qd7 16. e5 Ne8 17. Qe2 Nc7 18. Na4 Rab8 19. e6 fxe6 20. Bxc7 Qxc7 21.
Qxe6+ Rf7 22. Rf1 Rbf8 23. Rxf7 Rxf7 24. Rf1 Bd6 25. Rxf7 Qxf7 26. Qxd6 Qh5 27.
Qe6+ Kh8 28. Qc8+ 1-0

[Event "CYCC U12"]
[Site "Quebec CAN"]
[Date "2018.07.04"]
[Round "5.79"]
[White "Chen, Derek"]
[Black "Eirew, David"]
[Result "1-0"]
[WhiteElo "1286"]
[BlackElo "708"]
[PlyCount "125"]
[EventDate "2018.07.02"]
[EventType "swiss"]
[EventRounds "7"]
[EventCountry "CAN"]

1. e4 e6 2. d4 d5 3. Nc3 Nf6 4. Bg5 Be7 5. Bxf6 Bxf6 6. e5 Be7 7. Bd3 Nc6 8.
Nge2 Bd7 9. O-O Bb4 10. a3 Bxc3 11. bxc3 Qe7 12. Rb1 Rb8 13. Ra1 a6 14. c4 O-O
15. cxd5 exd5 16. f4 Bg4 17. c3 b5 18. f5 Qg5 19. Kh1 Qh5 20. Qc2 Na5 21. Ng3
Qg5 22. h3 Bxh3 23. f6 g6 24. Qf2 Be6 25. Qf4 Qxf4 26. Rxf4 Nb3 27. Rb1 Nd2 28.
Rd1 Nc4 29. Bxc4 bxc4 30. Kh2 Rb3 31. Rh1 Rxa3 32. Rh4 Rxc3 33. Kg1 Rc1+ 34.
Nf1 h5 35. Kf2 a5 36. R1h2 a4 37. Ng3 Bg4 38. Rh1 Rxh1 39. Rxh1 Ra8 40. Ra1 a3
41. Nf1 c3 42. Ne3 Kf8 43. Nxd5 c2 44. Ke1 Be6 45. Ne3 Bb3 46. Kd2 a2 47. Nxc2
Bxc2 48. Kxc2 Ke8 49. Kb2 g5 50. Kc2 Ra4 51. Kd3 Ra3+ 52. Ke4 Rg3 53. Rxa2 Kd7
54. Kf5 h4 55. e6+ fxe6+ 56. Kg6 Rg4 57. Rf2 Ke8 58. Kg7 Rxd4 59. f7+ Kd8 60.
f8=Q+ Kd7 61. Qc5 Rd6 62. Rf7+ Kc8 63. Qxc7# 1-0

[Event "CYCC U12"]
[Site "Quebec CAN"]
[Date "2018.07.04"]
[Round "5.80"]
[White "Tso, Kevin"]
[Black "Fedyushchenko, Alexander"]
[Result "0-1"]
[WhiteElo "634"]
[BlackElo "1278"]
[PlyCount "90"]
[EventDate "2018.07.02"]
[EventType "swiss"]
[EventRounds "7"]
[EventCountry "CAN"]

1. e4 e5 2. Nf3 Nc6 3. Bb5 a6 4. Ba4 Nf6 5. d3 d6 6. Be3 b5 7. Bb3 Be7 8. Nc3
Be6 9. Nd5 Bxd5 10. Bxd5 Nxd5 11. exd5 Nb8 12. O-O O-O 13. d4 e4 14. Nd2 f5 15.
Bf4 g5 16. Be3 f4 17. Bxf4 Rxf4 18. g3 Rf5 19. Nxe4 Rxd5 20. f4 Rf5 21. fxg5
Rxf1+ 22. Qxf1 Bxg5 23. Nxg5 Qxg5 24. h4 Qxg3+ 25. Qg2 Qxg2+ 26. Kxg2 Nc6 27.
c3 Re8 28. d5 Nd8 29. Rc1 Re2+ 30. Kh3 Rxb2 31. Rg1+ Kf8 32. Rf1+ Nf7 33. a3
Rb3 34. Rf3 Rxa3 35. Kg4 Ke7 36. Re3+ Ne5+ 37. Kg5 a5 38. Re4 Rxc3 39. Kh6 Rc4
40. Rxc4 bxc4 41. Kxh7 Nf7 42. Kg7 c3 43. h5 c2 44. h6 c1=Q 45. h7 Qg5# 0-1

[Event "CYCC U12"]
[Site "Quebec CAN"]
[Date "2018.07.04"]
[Round "5.82"]
[White "Cheng, Adrien"]
[Black "Roy, Benjamin"]
[Result "0-1"]
[WhiteElo "943"]
[BlackElo "1302"]
[PlyCount "66"]
[EventDate "2018.07.02"]
[EventType "swiss"]
[EventRounds "7"]
[EventCountry "CAN"]

1. f4 d5 2. e3 c5 3. Nf3 Nc6 4. b3 Bg4 5. Bb2 Nf6 6. h3 Bf5 7. c3 h6 8. g4 Be4
9. d3 Bxf3 10. Qxf3 d4 11. e4 e6 12. Nd2 Qa5 13. Nc4 Qd8 14. h4 Be7 15. Be2 Nh7
16. g5 Rg8 17. Qg3 Nf8 18. O-O-O dxc3 19. Bxc3 Nd4 20. Bh5 hxg5 21. Bxd4 gxh4
22. Qg1 Qxd4 23. Qxd4 cxd4 24. Ne5 g6 25. Rdg1 Nd7 26. Nxd7 Kxd7 27. f5 gxh5
28. Rf1 Rac8+ 29. Kd2 Rg2+ 30. Kd1 Ba3 31. fxe6+ Kd8 32. e7+ Kxe7 33. Rxh4 Rc1#
0-1

[Event "CYCC U12"]
[Site "Quebec CAN"]
[Date "2018.07.04"]
[Round "5.84"]
[White "Zhang, Charlie"]
[Black "Yim, Justin"]
[Result "1-0"]
[WhiteElo "999"]
[BlackElo "857"]
[PlyCount "109"]
[EventDate "2018.07.02"]
[EventType "swiss"]
[EventRounds "7"]
[EventCountry "CAN"]

1. e4 e5 2. Nf3 Nc6 3. Bc4 Nf6 4. d3 Bc5 5. Nc3 d6 6. Bg5 h6 7. Bh4 Be6 8. Bb3
O-O 9. h3 Re8 10. Bd5 Rb8 11. O-O Nb4 12. Bb3 c6 13. Bxe6 Rxe6 14. a3 Na6 15.
Na4 b5 16. Nxc5 Nxc5 17. b4 Ncd7 18. Re1 d5 19. exd5 cxd5 20. c3 Qc7 21. Rc1 e4
22. dxe4 dxe4 23. Nd4 Rd6 24. Bg3 Rxd4 25. cxd4 Qb7 26. Bxb8 Qxb8 27. Qb3 g5
28. Rc2 g4 29. Rec1 Qd6 30. Rc8+ Nf8 31. hxg4 Nxg4 32. Qg3 Qxg3 33. fxg3 Kg7
34. Re1 Nf6 35. d5 Nxd5 36. Rxe4 Nf6 37. Re5 N8d7 38. Rxb5 Ne4 39. Rc7 Nd6 40.
Rd5 Nf6 41. Rxd6 Ne8 42. Rdd7 Nxc7 43. Rxc7 Kg6 44. Rxa7 f5 45. Kf2 Kg5 46. b5
Kg4 47. b6 f4 48. gxf4 Kxf4 49. b7 h5 50. b8=Q+ Kg4 51. Ra4+ Kf5 52. Qb5+ Kf6
53. Ra6+ Kf7 54. Qb7+ Kf8 55. Ra8# 1-0